1795 1952 1684 1444 1090 1181 1484 1337 1516 1854 1089 1631 1578 1228 1776 1183 1273 1583 1794 1954 1521 1869 1377 1898 1156 1840 1894 1468 1890 1839 1192 1236 1157 1423 1847 1835 1511 1372 1909 1781 1021 1311 1090 1385 1476 1645 1246 1133 1701 1354 1933 1915 1893 1331 1556 1868 1732 1492 1959 1802 1101 1101 1328 1751 1792 1577 1295 1168 1778 1990 1611 1912 1036 1165 1281 1428 1413 1730 1766 1771 1586 1281 1839 1068 1949 1950 1915 1904 1264 1946 1035 1928 1904 1190 1137 1226 1308 1604 1958 BCNSPRNW ULIB Ver.6.0+V

เปลี่ยนเป็นภาษาไทย

Change to English
 แสดงรายละเอียดบรรณานุกรม
  กลับหน้าหลัก

Brief Record : Get Marc (ISO 2709) : E-mail record : QR code < ปิดหน้าต่าง
LEADER : 00000nam 2200000uu 4500
001    13399126963
003     ULIB
008    190918s2562||||th 000 0 tha d
020    ^a9786165306881
060 0  ^aQU146.JT3^bอ677
245 0   ^aอาหารผู้สูงอายุ /^cบริษัท สำนักพิมพ์แม่บ้าน จำกัด
250    ^aพิมพ์ครั้งที่ 1
260    ^aกรุงเทพฯ :^bบริษัท สำนักพิมพ์แม่บ้าน จำกัด,^c2562
300    ^a120 หน้า :^bภาพประกอบสี ;^c26 ซม.
650    ^aผู้สูงอายุ^xการดูแลและสุขวิทยา
650    ^aโภชนาการ^xในวัยชรา
650    ^aอาหารเพื่อสุขภาพ
945    ^p179^l0^i27508
945    ^p179^l0^i27506
945    ^p179^l0^i27507
945    ^p179^l0^i27510
945    ^p179^l0^i27509
999    ^aกัณชพร จุลอักษร
รายการนี้ยังไม่มีแท็ก
คุณยังไม่ได้ล็อกอิน คุณสามารถมีกิจกรรมร่วมกับเว็บไซต์ได้ แต่ต้องล็อกอินก่อน ::
  ล็อกอิน

รายการสื่อสารสนเทศ

ลำดับที่ ประเภท เลขเรียก/บาร์โค้ด สถานที่ สถานะ
1. หนังสือสำรอง
หนังสือสำรอง
QU146.JT3 อ677 ฉ.1 
  Barcode: 27506
ห้องสมุดวิทยาเขตนครสวรรค์
►หนังสือทั่วไป:l:General Books
บนชั้น
2. วิทยาศาสตร์การแพทย์ และสุขภาพ
วิทยาศาสตร์การแพทย์ และสุขภาพ
QU146.JT3 อ677 ฉ.2 
  Barcode: 27507
ห้องสมุดวิทยาเขตนครสวรรค์
►หนังสือทั่วไป:l:General Books
บนชั้น
3. วิทยาศาสตร์การแพทย์ และสุขภาพ
วิทยาศาสตร์การแพทย์ และสุขภาพ
QU146.JT3 อ677 ฉ.3 
  Barcode: 27508
ห้องสมุดวิทยาเขตนครสวรรค์
►หนังสือทั่วไป:l:General Books
บนชั้น
4. วิทยาศาสตร์การแพทย์ และสุขภาพ
วิทยาศาสตร์การแพทย์ และสุขภาพ
QU146.JT3 อ677 ฉ.4 
  Barcode: 27509
ห้องสมุดวิทยาเขตนครสวรรค์
►หนังสือทั่วไป:l:General Books
บนชั้น
5. วิทยาศาสตร์การแพทย์ และสุขภาพ
วิทยาศาสตร์การแพทย์ และสุขภาพ
QU146.JT3 อ677 ฉ.5 
  Barcode: 27510
ห้องสมุดวิทยาเขตนครสวรรค์
►หนังสือทั่วไป:l:General Books
บนชั้น

รายการใกล้เคียง
    หัวเรื่อง [อาหารเพื่อสุขภาพ]

BibComment


ยังไม่เคยถูกคอมเมนท์

คอมเมนท์ทรัพยากรรายการนี้
  คอมเมนท์: อาหารผู้สูงอายุ..


 Copyright 2026. Bcnsprnw @Library